Australian Actors - Sudden Death - Statistics

General Stats
  • This quiz has been taken 71 times
  • The average score is 6 of 12
Answers on the Grid
Answers color-coded by a green-red scale on the quiz's grid according to % correct below.
Antony Starr
Ben Mendelsohn
Chris Hemsworth
Dacre Montgomery
David Wenham
Eric Bana
Gary Oldman
Geoffrey Rush
Heath Ledger
Hugh Jackman
Jacob Elordi
Jamie Foxx
Jim Carrey
Joel Edgerton
Johnny Depp
Karl Urban
Leonardo DiCaprio
Liam Hemsworth
Ryan Gosling
Ryan Reynolds
Simon Baker
Taika Waititi
Temuera Morrison
Will Smith
 
Answer Stats
Answer % Correct
Chris Hemsworth
90%
Heath Ledger
84%
Hugh Jackman
83%
Liam Hemsworth
71%
Eric Bana
60%
Geoffrey Rush
52%
Joel Edgerton
40%
Jacob Elordi
38%
Ben Mendelsohn
31%
Simon Baker
31%
David Wenham
29%
Dacre Montgomery
26%
No matching quizzes found
Score Distribution
Percent of People with Each Score
Percentile by Number Answered
Your Score History
You have not taken this quiz